Statistics for NRL Immortals

Click here to take the quiz!

General Stats

  • This quiz has been taken 15 times
  • The average score is 6 of 13

Answer Stats

Hint - Clubs Played ForAnswer% Correct
Newcastle, WarringtonAndrew Johns
100%
Fortitude Valley, Wakefield, Wynnum-Manly, Brisbane, Gold CoastWally Lewis
91%
Southern Suburbs, St Helens, CanberraMal Meninga
73%
Central Newcastle, South Sydney, Norths (Brisbane), MoreeClive Churchill
55%
Eastern SuburbsDally Messenger
45%
St GeorgeReg Gasnier
45%
Redcliffe, Balmain, Hull Kingston, Eastern Suburbs, ParramattaArthur Beetson
36%
Newton, St George, Wests (Newcastle), Kurri KurriJohnny Raper
36%
Wests (Illawarra), Manly, Warrington, Eastern SuburbsBob Fulton
27%
St GeorgeNorm Provan
27%
Eastern Suburbs, WarringtonDave Brown
18%
Woollongong, St GeorgeGraeme Langlands
18%
Glebe, St GeorgeFrank Burge
9%

Score Distribution

Percentile by Number Answered

Percent of People with Each Score

Your Score History

You have not taken this quiz